| 000 | 00702nam a22002177a 4500 | ||
|---|---|---|---|
| 999 |
_c158055 _d158055 |
||
| 005 | 20181014161851.0 | ||
| 010 | _aENG-124279 | ||
| 020 |
_c1000.00 _a9788184702163 |
||
| 035 | _aEN-107811 | ||
| 037 | _bDBAD/PUB | ||
| 082 | _a881 | ||
| 245 |
_aThe study of stolen love / _ctranslated by David C. Buck [and] K. Paramasivam |
||
| 250 | _arevised ed. | ||
| 260 |
_aPondichery _bInstitut Francais De Pondichery _c2017 |
||
| 270 |
_a11, rur Saint Louis, B.P.33, _bPondichery _e605001 |
||
| 300 |
_a343p. _c25cm(pbk) |
||
| 490 | _aRegards sur I Asie due Sud/ South Asian Perspective -9 | ||
| 700 | _a Buck, David C. | ||
| 700 | _a Paramasivam K. | ||
| 942 |
_2ddc _cEN _mSTU _h881 |
||